Obálka Náhled e-knihy:
PDF Epub
Pro půjčování e-knih musíte být přihlášeni.
Jak si půjčit online?

Dokonalý plán /

Krimithriller ze série s bývalým vojenským policistou Jackem Reacherem.

Uloženo v:
Série:Jack Reacher, část 27
Hlavní autor: Child, Lee, 1954- (Autor)
Další autoři: Child, Andrew, 1968- (Autor), Harrisová, Iva, 1966- (Autor)
Médium: E-kniha
Jazyk:Czech
Vydáno: Praha : BB/art, 2023
Vydání:První vydání v českém jazyce
Témata:
Příbuzné jednotky:Z cyklu:: Jack Reacher
Tagy:
Žádné tagy
LEADER 02821nam a2200457 i 4500
001 311924
003 CZ PrSKC
005 20260601215714.0
007 ta
008 230503s2023 xr g 000 f cze
015 |a cnb003508204 
020 |a 9788075956408  |q (vázáno) 
035 |a (OCoLC)1381700734 
040 |a ABG001  |b cze  |e rda 
041 1 |a cze  |h eng 
072 7 |a 821.111-3  |x Anglická próza, anglicky psaná  |2 Konspekt 
080 |a 821.111-31  |2 MRF 
080 |a (0:82-312.4)  |2 MRF 
100 1 |a Child, Lee,  |d 1954-  |7 jn20000810190  |4 aut 
240 1 0 |a No plan B.  |l Česky 
245 1 0 |a Dokonalý plán /  |c Lee Child & Andrew Child ; přeložila Iva Harrisová 
250 |a První vydání v českém jazyce 
264 1 |a Praha :  |b BB/art,  |c 2023 
300 |a 294 stran ;  |c 24 cm 
336 |a text  |b txt  |2 rdacontent 
337 |a bez média  |b n  |2 rdamedia 
338 |a svazek  |b nc  |2 rdacarrier 
500 |a Přeloženo z angličtiny 
520 2 |a Krimithriller ze série s bývalým vojenským policistou Jackem Reacherem.  |b V městě Gerrardsvillu v Coloradu dojde k tragické události. Dva svědci podají dvě protichůdné výpovědi. Jeden viděl, že se žena sama vrhla pod autobus - jednoznačně spáchala sebevraždu. Druhým svědkem je Reacher. A viděl, co se skutečně stalo - ženu strčil pod autobus muž v šedé mikině s kapucí a v džínách, rychlý a nenápadný jako stín, a předtím, než zmizel, jí ukradl kabelku. Bývalý vojenský policista Jack Reacher ho začne pěšky pronásledovat, aniž by tušil, že se nejedná o běžný násilný čin. Neví, že ženina smrt je součástí něčeho mnohem většího - zlověstného, tajemného spiknutí, za nímž stojí mocní lidé zapletení do plánu, který se nesmí za žádnou cenu zhatit. Pokud plán někdo ohrozí, musí být bleskurychle a navždy odstraněn z cesty. A pokud onen plán ohrozí Reacher, nelze použít žádný plán B... Nakladatelská anotace. 
655 7 |a anglické romány  |7 fd131814  |2 czenas 
655 7 |a thrillery (romány)  |7 fd184206  |2 czenas 
655 9 |a English fiction  |2 eczenas 
655 9 |a thrillers (novels)  |2 eczenas 
700 1 |a Child, Andrew,  |d 1968-  |7 xx0261211  |4 aut 
700 1 |a Harrisová, Iva,  |d 1966-  |7 ola2003198110  |4 trl 
787 0 8 |i Z cyklu:  |t Jack Reacher  |g 27 
900 |a ABA001  |b 20 
044 |a xr 
910 |a RBIT002 
998 |d 375430  |a https://core.palmknihy.cz/api/books/375430/cover?rtm24g  |b https://core.palmknihy.cz/api/books/375430/cover/400?rtm24g  |c https://core.palmknihy.cz/api/books/375430/cover/50?rtm24g  |e 2027-09-30  |g 296  |i 9788075956408  |j https://core.palmknihy.cz/api/books/375430/preview.epub  |k https://core.palmknihy.cz/api/books/375430/preview.pdf  |l   |q 49  |r 1  |s https://www.palmknihy.cz/kniha/375430  |t ebook  |y 2023  |z 0  |v Jack Reacher  |w 27 
999 |d 311922